000 01076nam a2200373 4500
001 01920
003 DO-SdBNP
005 20240214102044.0
007 01920
008 040220s2005 sp | ||| ||spa
017 _a
_b
020 _a8498150132
035 _a
040 _aBPMSU
_bspa
_cBPMSU
_e
082 4 _a861.1
_bR934L 2005
_222
100 1 _a Ruiz, Juan,
_d1283?-1351?
_c
240 1 4 _a
245 1 3 _aEl libro de buen amor /
_cJuan Ruiz Archipreste de Hita ; Edición Julio Cejador y Frauca
_h
_b
260 _aMadrid :
_bEl País,
_c2005
300 _a284 p. ;
_c22 cm
_b
490 0 _aClásicos espñoles
500 _a
590 _aInventariado, 2024/VM
650 4 _aLibro del buen amor
_xCrítica e interpretación
650 4 _a Poesía española
_2
650 4 _aLiteratura española
_ySiglo XVIII
700 1 _aCejador y Frauca, Julio,
_d1864-1927
_eed.
700 1 2 _a
_e
910 _aVMateo V. Control de calidad. BPMSU
942 _2ddc
_cBK
980 _a
_a
_a
_b
_j
_c
980 _a
_a
_a
_j
980 _a
_a
_a
_b
_j
_c
999 _c13248
_d13248